<?xml version="1.0" encoding="UTF-8"?>
<collection xmlns="http://www.loc.gov/MARC21/slim">
 <record>
  <leader>01486nam a2200193Ia 4500</leader>
  <controlfield tag="001">CTU_17423</controlfield>
  <controlfield tag="008">210402s9999    xx            000 0 und d</controlfield>
  <datafield tag="082" ind1=" " ind2=" ">
   <subfield code="a">621.811</subfield>
  </datafield>
  <datafield tag="082" ind1=" " ind2=" ">
   <subfield code="b">V510</subfield>
  </datafield>
  <datafield tag="100" ind1=" " ind2=" ">
   <subfield code="a">Hà, Văn Vui</subfield>
  </datafield>
  <datafield tag="245" ind1=" " ind2="0">
   <subfield code="a">Dung sai và chuỗi kích thước trong thiết kế</subfield>
  </datafield>
  <datafield tag="245" ind1=" " ind2="0">
   <subfield code="c">Hà Văn Vui</subfield>
  </datafield>
  <datafield tag="260" ind1=" " ind2=" ">
   <subfield code="a">Hà Nội</subfield>
  </datafield>
  <datafield tag="260" ind1=" " ind2=" ">
   <subfield code="b">Khoa học và Kỹ thuật</subfield>
  </datafield>
  <datafield tag="260" ind1=" " ind2=" ">
   <subfield code="c">1973</subfield>
  </datafield>
  <datafield tag="520" ind1=" " ind2=" ">
   <subfield code="a">Sách gồm có 4 chương: Chương 1 giới thiệu các khái niệm và định nghĩa cơ bản về dung sai lắp ghép và hệ thống dung sai quốc tế ISO. Chương 2 giới thiệu cách sử dụng dung sai và lắp ghép trong thiết kế, có bảng dung sai lắp ghép theo các tiêu chuẩn Nhà nước Việt Nam và bảng đối chiếu với các tiêu chuẩn quốc tế ISO. Chương 3 giới thiệu về sai lệch hình dáng và vị trí của các bề mặt. Chương 4 giới thiệu về nhám bề mặt và cách lựa chọn cấp độ nhẵn bề mặt trong thiết kế. Chương 5 giới thiệu về chuỗi kích thước, trình tự xây dựng các chuỗi kích thước và một số ví dụ điển hình</subfield>
  </datafield>
  <datafield tag="650" ind1=" " ind2=" ">
   <subfield code="a">Tolerance ( engineering )</subfield>
  </datafield>
  <datafield tag="904" ind1=" " ind2=" ">
   <subfield code="i">Minh, Hải</subfield>
  </datafield>
  <datafield tag="980" ind1=" " ind2=" ">
   <subfield code="a">Trung tâm Học liệu Trường Đại học Cần Thơ</subfield>
  </datafield>
 </record>
</collection>
